English - Punjabi gurmukhi - dictionary / (Record no. 47880)

MARC details
000 -LEADER
fixed length control field 00544nam a22001697a 4500
005 - DATE AND TIME OF LATEST TRANSACTION
control field 20180603133603.0
008 - FIXED-LENGTH DATA ELEMENTS--GENERAL INFORMATION
fixed length control field 100928t xxu||||| |||| 00| 0 eng d
020 ## - INTERNATIONAL STANDARD BOOK NUMBER
International Standard Book Number 81-202-0446-8
Terms of availability 250.00
035 ## - SYSTEM CONTROL NUMBER
System control number A-998366, A-998369
082 ## - DEWEY DECIMAL CLASSIFICATION NUMBER
Classification number 483.45
245 ## - TITLE STATEMENT
Title English - Punjabi gurmukhi - dictionary /
Statement of responsibility, etc compiled & edited by S Balwant and Jasbir Atwal
260 ## - PUBLICATION, DISTRIBUTION, ETC. (IMPRINT)
Place of publication, distribution, etc Delhi
Name of publisher, distributor, etc AMBE Books
Date of publication, distribution, etc 1999
300 ## - PHYSICAL DESCRIPTION
Extent 286p.
Other physical details 24cm. (Hb)
700 ## - ADDED ENTRY--PERSONAL NAME
Personal name Balwant, S
9 (RLIN) 22138
700 ## - ADDED ENTRY--PERSONAL NAME
Personal name Atwal, Jasbir
9 (RLIN) 22139
942 ## - ADDED ENTRY ELEMENTS (KOHA)
Source of classification or shelving scheme Dewey Decimal Classification
Item type English Books
Classification part 483.45
Call number suffix ENG
Holdings
Withdrawn status Lost status Source of classification or shelving scheme Damaged status Not for loan Collection code Home library Current library Date acquired Cost, normal purchase price Total Checkouts Full call number Barcode Date last seen Copy number Cost, replacement price Koha item type Source of acquisition
    Dewey Decimal Classification   Not For Loan Non-fiction Patel Nagar Patel Nagar 28/09/2010 250.00   483.45 ENG A-998366 28/09/2010 1 250.00 English Books  
    Dewey Decimal Classification     Non-fiction Shahdara Branch Shahdara Branch 03/06/2018 250.00   483.45 ENG A-998369 03/06/2018   250.00 English Books BPPD/PUB

© Delhi Public Library
Hit Counter
free hit counter